000 00543nam a2200193Ia 4500
005 20250508153011.0
008 008 250505s9999 xx 000 0 eng d
037 _aTextual
040 _aFEDL
_beng
_cFEDL
041 _aeng
_2eng
084 _a371.2, RIE
_qFEDL
100 _aRiessman Frank Ed.
245 0 _aCulturally deprived child
260 _aNew York, USA
_bHarper and Brothers Publisher
_c1962
300 _axv,140p.
650 _aSchool Administration
942 _cTEXL
_h371.2, RIE
999 _c1340081
_d1340081